000 00672cam a2200229 a 4500
001 000018929
005 20200929165902.0
008 750813r1961 fr 000 f fre d
040 _aDO-SdBNP
_cDLC
_dDLC
_dBNPHU
082 _a843.8
_bD886du
100 1 _aDumas, Alexandre,
_d1802-1870
_93715
245 1 3 _aLa dame aux camélias /
_cAlexandre Dumas.
260 _aParís :
_bCalmann Lévy,
_c1961.
300 _a252 p. ;
_c17 cm.
490 1 _aLe Livre de poche
_v125
650 4 _aNovela francesa
_91075
650 4 _aLiteratura francesa
_91074
830 0 _aLe Livre de poche ;
_n125
_940740
910 _aCatalogación derivada / LC
910 _aWM
049 _aBNGR
999 _c18447
_d18447